Statistics for Radiohead Cover Art

Click here to take the quiz!

General Stats

  • This quiz has been taken 36 times
  • The average score is 20 of 36

Answer Stats

Answer% Correct
OK Computer
100%
The Bends
100%
Kid A
97%
Pablo Honey
97%
Creep
94%
Amnesiac
87%
In Rainbows
84%
The King of Limbs
84%
Hail to the Thief
81%
A Moon Shaped Pool
77%
KID A MNESIA
77%
Paranoid Android
68%
OK Computer OKNOTOK 1997 2017
65%
My Iron Lung
61%
High and Dry / Planet Telex
58%
Drill
55%
Fake Plastic Trees
55%
Street Spirit (Fade Out)
55%
Spectre
52%
Karma Police
48%
No Surprises
48%
I Might Be Wrong: Live Recordings
45%
Anyone Can Play Guitar
42%
In Rainbows Disk 2
42%
The Daily Mail / Staircase
39%
TKOL RMX 1234567
35%
Ill Wind
29%
Just
29%
Knives Out
29%
Supercollider / The Butcher
29%
Lucky
26%
Pyramid Song
26%
Com Lag (2plus2isfive)
23%
Harry Patch (In Memory Of)
19%
These Are My Twisted Words
16%
Itch
13%

Score Distribution

Percentile by Number Answered

Percent of People with Each Score

Your Score History

You have not taken this quiz